| 000 | 00814nam a2200229 a 4500 | ||
|---|---|---|---|
| 001 | 000019987 | ||
| 005 | 20200929170222.0 | ||
| 008 | 100709s1945 sp 000 f spa d | ||
| 040 |
_aDO-SdBNP _bspa _cBNPHU |
||
| 082 |
_a828.99343 _bZ974p |
||
| 100 | 1 |
_aZweig, Stefan, _d1881-1942 _913343 |
|
| 245 | 1 | 4 |
_aUna Partida de Ajedrez : _buna carta dos narraciones póstumas / _cStefan Zweig ; traducción Alfredo Cahn. |
| 260 |
_aMadrid : _bEspasa-Calpe, _c1945. |
||
| 300 |
_a148 p. ; _c18 cm. |
||
| 490 | 1 |
_aAustral. Azul: novelas y cuentos en general. _v541 |
|
| 500 | _aIncluye índice de autores. | ||
| 650 | 4 |
_aNovela austríaca _913705 |
|
| 650 | 4 |
_aLiteratura austríaca _94014 |
|
| 700 | 1 |
_aCahn, Alfredo, _etr. _921149 |
|
| 830 | 0 |
_aAustral ; _pAzul: novelas y cuentos en general. _n541 _942591 |
|
| 049 | _aBNGR | ||
| 999 |
_c19499 _d19499 |
||